Odysseus’ Mythical Encounters - Statistics

General Stats
  • This quiz has been taken 20 times
  • The average score is 9 of 13
Answers on the Grid
Answers color-coded by a green-red scale on the quiz's grid according to % correct below.
Laestrygonians
Hydra
Medusa
Hephaestus
Zeus
Minotaur
Hermes
Pegasus
Chimera
Cerberus
Hades
Scylla
Orthus
Demeter
Apollo
Helios
Poseidon
Polyphemus
Echidna
Ares
Hera
Python
Sciron
Sirens
Cretan Bull
Colchian Dragon
Aeulos
Cetus
Harpies
Lamia
Circe
Antaeus
Arachne
Athena
Stheno
Kronos
Calypso
Myrmekes
Centaurs
Gorgons
Charybdis
 
Answer Stats
Answer % Correct
Calypso
93%
Polyphemus
93%
Athena
79%
Poseidon
79%
Scylla
79%
Sirens
79%
Charybdis
71%
Circe
71%
Hermes
64%
Laestrygonians
64%
Helios
50%
Aeulos
43%
Zeus
43%
No matching quizzes found
Score Distribution
Percent of People with Each Score
Percentile by Number Answered
Your Score History
You have not taken this quiz